Η συντήρηση και η αποκατάσταση των οθωμανικών μνημείων στην Ελλάδα

Saved in:
Bibliographic Details
Corporate Author: ΑΙΜΟΣ Εταιρεία για τη Μελέτη της Μεσαιωνικής Αρχιτεκτονικής των Βαλκανίων και της Προστασίας της (ΕΜΜΑΒΠ)
Other Authors: Στεφανίδου, Αιμιλία (Editor)
Format: Book
Language:Greek
Published: Θεσσαλονίκη : University Studio Press, 2009
Subjects:
Tags: Add Tag
No Tags, Be the first to tag this record!

MARC

LEADER 00000cam a2200000 i 4500
001 1/7126
008 100503s2009 gre d
020 |a 978-960-12-1827-4 
035 |l 10107752 
041 0 |a gre  |b eng 
082 0 |a 720.9495  |2 (22) 
110 2 |a ΑΙΜΟΣ  |b Εταιρεία για τη Μελέτη της Μεσαιωνικής Αρχιτεκτονικής των Βαλκανίων και της Προστασίας της (ΕΜΜΑΒΠ) 
245 1 2 |a Η συντήρηση και η αποκατάσταση των οθωμανικών μνημείων στην Ελλάδα /  |c ΑΙΜΟΣ-ΕΜΜΑΒΠ Εταιρεία για τη Μελέτη της Μεσαιωνικής Αρχιτεκτονικής των Βαλκανίων και της Προστασίας της ; επιμέλεια:Αιμιλία Στεφανίδου 
260 |a Θεσσαλονίκη :   |b University Studio Press,   |c 2009 
300 |a 636 σ.;  |b εικ. (μερ. έγχρ.);  |c 29 εκ. 
500 |a Περιέχει περιλήψεις 
500 |a Τιμητική προσφορά του εκδοτικού οίκου University Studio Press 
504 |a Βιβλιογραφία: σ. [609]-627 
504 |a Ευρετήριο: σ. [631]-636 
504 |a Λεξιλόγιο: σ. [629]-630 
650 0 0 |a Architecture  |x Conservation and restoration  |z Greece. 
650 0 0 |a Monuments  |x Conservation and restoration. 
650 0 0 |a Architecture, Ottoman  |z Greece. 
700 1 |a Στεφανίδου, Αιμιλία.  |4 edt 
852 |a INST  |b LESVOS  |e 20100503  |h 720.9495 ΑΙΜ  |p 005100047017  |q 005100047017  |t BK  |y 0 
901 |a BIBL1-2010-2 
909 |a Λ  |b 163179 
970 |a ΓΙΑΛΑΜΑ  |b ΜΑΡΙΑ  |z 2010/05/03